Countries by Second and Third Letter - Statistics

General Stats
  • This quiz has been taken 93 times
  • The average score is 17 of 30
Answer Stats
Continent Hint Answer % Correct
N. America an Canada
91%
hi Chile
78%
Africa gy Egypt
78%
S. America er Peru
77%
ji Djibouti
74%
lb Albania
73%
ux Luxembourg
73%
os Costa Rica
72%
ol Bolivia
70%
ij Fiji
69%
Europe ul Bulgaria
66%
st Estonia
66%
ur Suriname
66%
ar Paraguay
65%
ng Angola
64%
Oceania ew New Zealand
59%
ai Haiti
57%
ha Chad
53%
am Samoa
46%
ri Trinidad and Tobago
46%
wa Swaziland
45%
uw Kuwait
43%
ol Solomon Islands
43%
on Tonga
41%
hu Bhutan
39%
or Portugal
35%
Asia on Mongolia
27%
ie Vietnam
23%
lS El Salvador
15%
at Qatar
11%
No matching quizzes found
Score Distribution
Percent of People with Each Score
Percentile by Number Answered
Your Score History
You have not taken this quiz